Drawn with the sword (Record no. 196969)
[ view plain ]
| 000 -LEADER | |
|---|---|
| fixed length control field | 01659nam a2200289Ia 4500 |
| 082 04 - DEWEY DECIMAL CLASSIFICATION NUMBER | |
| Classification number | 973.7 |
| 100 1# - MAIN ENTRY--AUTHOR NAME | |
| Personal name | McPherson, James M. |
| 245 10 - TITLE STATEMENT | |
| Title | Drawn with the sword |
| 260 ## - PUBLICATION, DISTRIBUTION, ETC. (IMPRINT) | |
| Place of publication | New York : |
| Name of publisher | Oxford University Press, |
| Year of publication | 1996. |
| 300 ## - PHYSICAL DESCRIPTION | |
| Number of Pages | xiv, 258 p. |
| 505 0# - FORMATTED CONTENTS NOTE | |
| Formatted contents note | 1. Antebellum Southern Exceptionalism: A New Look at an Old Question -- 2. Tom on the Cross -- 3. The War of Southern Aggression -- 4. The War that Never Goes Away -- 5. From Limited to Total War, 1861-1865 -- 6. Race and Class in the Crucible of War -- 7. The Glory Story -- 8. Why Did the Confederacy Lose? -- 9. How the Confederacy Almost Won -- 10. Lee Dissected -- 11. Grant's Final Victory -- 12. A New Birth of Freedom -- 13. Who Freed the Slaves? -- 14. "The Whole Family of Man": Lincoln and the Last Best Hope Abroad -- 15. What's the Matter with History? |
| 856 40 - ELECTRONIC LOCATION AND ACCESS | |
| Uniform Resource Identifier | http://site.ebrary.com/lib/rucke/Doc?id=10142311 |
No items available.
